Το καλλιτεχνικό animation στην Ελλάδα : [μεταπτυχιακή διατριβή]
Αποθηκεύτηκε σε:
| Κύριος συγγραφέας: | |
|---|---|
| Συγγραφή απο Οργανισμό/Αρχή: | |
| Άλλοι συγγραφείς: | , |
| Μορφή: | Thesis Βιβλίο |
| Γλώσσα: | Greek |
| Δημοσίευση: |
2013
|
| Θέματα: | |
| Διαθέσιμο Online: | http://hdl.handle.net/11610/15990 |
| Ετικέτες: |
Προσθήκη ετικέτας
Δεν υπάρχουν, Καταχωρήστε ετικέτα πρώτοι!
|
MARC
| LEADER | 00000cam a2200000 i 4500 | ||
|---|---|---|---|
| 001 | 1/55491 | ||
| 008 | 140910s2013 gre d | ||
| 035 | |l 10119016 | ||
| 040 | |a GR-MY-UA |b gre |e aacr | ||
| 041 | 0 | |a gre | |
| 082 | 0 | |a 776.6 |2 (22) | |
| 100 | 1 | |a Χαραλαμπίδης, Ευάγγελος. | |
| 245 | 1 | 3 | |a Το καλλιτεχνικό animation στην Ελλάδα : |b [μεταπτυχιακή διατριβή] / |c Χαραλαμπίδης Ευάγγελος ; υπεύθυνη καθηγήτρια: Σαμπανίκου Ευαγγελία, συνεπιβλέπουσα: Καταπότη Δέσποινα |
| 260 | |c 2013 | ||
| 300 | |a 117 σ.; |b εικ., πίν.; |c 30 εκ. | ||
| 500 | |a Βιβλιογραφία: σ. 109-112, παράρτημα | ||
| 502 | |a Διατριβή (μεταπτυχιακή) – Πανεπιστήμιο Αιγαίου, Λέσβος, 2013. | ||
| 650 | 0 | 0 | |a Animation (Cinematography) |z Greece. |
| 650 | 0 | 0 | |a Animation (Cinematography) |
| 650 | 0 | 0 | |a Dissertations, Academic |z Greece. |
| 700 | 1 | |a Καταπότη, Δέσποινα, |e dgsf | |
| 700 | 1 | |a Σαμπανίκου, Εύη Δημ., |d 1965- |e dgsf | |
| 710 | 2 | |a Πανεπιστήμιο Αιγαίου. |b Σχολή Κοινωνικών Επιστημών. |b Τμήμα Πολιτισμικής Τεχνολογίας και Επικοινωνίας. |b Πρόγραμμα Μεταπτυχιακών Σπουδών Πολιτισμική Πληροφορική και Επικοινωνία. | |
| 852 | |a INST |b LESVOS |c DIATR |e 20140910 |h 531 |p 005100055134 |q 005100055134 |t MTXE |y 23 | ||
| 852 | |a INST |b LESVOS |c DIATR |e 20140910 |h 532 |p 005100055135 |q 005100055135 |t MTXE |y 23 | ||
| 856 | |u http://hdl.handle.net/11610/15990 | ||
| 901 | |a BIBL1-2014-3 | ||
| 909 | |a Λ |b 190669 | ||
| 909 | |a Λ |b 190670 | ||
| 924 | |a ΧΑΡΑΛΑΜΠΙΔΗΣ |b ΕΥΑΓΓΕΛΟΣ |y ΛΕΣΒΟΣ |z 2013-06 | ||
| 970 | |a ΤΖΑΦΕΡΗ |b ΕΥΑΓΓΕΛΙΑ |z 2014/09/10 | ||